[Event "La Roda op 50th"]
[Site "La Roda"]
[Date "2024.03.30"]
[Round "6"]
[White "Liu, Zexu"]
[Black "Peralta, Fernando"]
[Result "1-0"]
[WhiteElo "2325"]
[BlackElo "2580"]
[PlyCount "67"]
[EventDate "2024.03.27"]
[EventType "swiss"]
[EventRounds "9"]
[EventCountry "ESP"]
[SourceTitle "CB14_2024"]
[SourceDate "2024.04.01"]
[SourceVersion "1"]
[SourceVersionDate "2024.04.01"]
[SourceQuality "1"]

1. Nf3 Nf6 2. c4 e6 3. g3 b6 4. Bg2 Bb7 5. 0-0 Be7 6. Nc3 0-0 7. Re1 c5 8. e4 d6 9. d4 cxd4 10. Nxd4 Qc8 11. Bf4 a6 12. Rc1 Re8 13. Be3 Nbd7 14. b3 h6 15. f4 Qc7 16. Bf3 Rac8 17. Qd2 Qb8 18. Qg2 Nc5 19. Rcd1 Qa8 20. Bf2 b5 21. cxb5 Nxb3 22. Nc6 Na5 23. Nxa5 Rxc3 24. Bd4 Rxf3 25. Qxf3 Bxe4 26. Rxe4 Nxe4 27. b6 Qd5 28. Bf2 Qxa5 29. Qxe4 Rb8 30. Qc6 Qb5 31. Qxb5 axb5 32. Rb1 Kf8 33. Rxb5 Ke8 34. b7 1-0

[Event "La Roda op 50th"]
[Site "La Roda"]
[Date "2024.03.29"]
[Round "5"]
[White "Newrkla, Katharina"]
[Black "Liu, Zexu"]
[Result "0-1"]
[WhiteElo "2213"]
[BlackElo "2325"]
[PlyCount "92"]
[EventDate "2024.03.27"]
[EventType "swiss"]
[EventRounds "9"]
[EventCountry "ESP"]
[SourceTitle "CB14_2024"]
[SourceDate "2024.04.01"]
[SourceVersion "1"]
[SourceVersionDate "2024.04.01"]
[SourceQuality "1"]

1. e4 e5 2. Nf3 Nc6 3. Bb5 Nge7 4. Nc3 Ng6 5. d4 exd4 6. Nxd4 Bc5 7. Be3 Nxd4 8. Bxd4 Bxd4 9. Qxd4 0-0 10. 0-0-0 d6 11. Kb1 f5 12. exf5 Bxf5 13. g3 c6 14. Be2 d5 15. Rhe1 Qb6 16. Qxb6 axb6 17. f4 Rfe8 18. Bf3 Kf8 19. a3 Bd7 20. Kc1 Ne7 21. Re5 Nf5 22. Rde1 Rxe5 23. Rxe5 Nd6 24. Re1 Nc4 25. Na2 h6 26. h4 Nxa3 27. bxa3 Rxa3 28. Bxd5 cxd5 29. Nb4 Rxg3 30. Nxd5 Rh3 31. Nxb6 Be8 32. Nc4 Rxh4 33. Nd6 Bc6 34. Rf1 Rh1 35. Rxh1 Bxh1 36. Kd2 Ke7 37. Nf5+ Kf6 38. Ne3 h5 39. Ke2 h4 40. Kf2 Be4 41. c3 g5 42. fxg5+ Kxg5 43. Nf1 Kf4 44. Nh2 b5 45. Nf1 h3 46. Kg1 Bg2 0-1

[Event "La Roda op 50th"]
[Site "La Roda"]
[Date "2024.03.28"]
[Round "3"]
[White "Rodriguez Avila, Alvaro"]
[Black "Liu, Zexu"]
[Result "0-1"]
[WhiteElo "2142"]
[BlackElo "2325"]
[PlyCount "48"]
[EventDate "2024.03.27"]
[EventType "swiss"]
[EventRounds "9"]
[EventCountry "ESP"]
[SourceTitle "CB14_2024"]
[SourceDate "2024.04.01"]
[SourceVersion "1"]
[SourceVersionDate "2024.04.01"]
[SourceQuality "1"]

1. e4 c6 2. d4 d5 3. e5 c5 4. dxc5 e6 5. Be3 Nd7 6. Bb5 Ne7 7. Nf3 Nf5 8. Bd4 Qa5+ 9. Nc3 a6 10. Bxd7+ Bxd7 11. 0-0 Nxd4 12. Qxd4 Bxc5 13. Qf4 Qb4 14. Qd2 Rc8 15. a3 Qb6 16. Rfd1 0-0 17. Rab1 f6 18. Rf1 Qc7 19. Rbe1 Bxa3 20. exf6 Rxf6 21. Ne5 Bxb2 22. Nxd7 Rh6 23. Qxh6 gxh6 24. Nd1 Bg7 0-1

[Event "Belgrade Radnicki IM 12"]
[Site "Belgrade"]
[Date "2023.12.05"]
[Round "2"]
[White "Liu, Zexu"]
[Black "Ivanov, Mikhail M"]
[Result "1/2-1/2"]
[WhiteElo "2312"]
[BlackElo "2272"]
[PlyCount "21"]
[EventDate "2023.12.04"]
[EventType "tourn"]
[EventRounds "9"]
[EventCountry "SRB"]
[SourceTitle "CB51_2023"]
[SourceDate "2023.12.20"]
[SourceVersion "1"]
[SourceVersionDate "2023.12.20"]
[SourceQuality "1"]

1. Nf3 c5 2. c4 Nc6 3. Nc3 g6 4. e3 Bg7 5. d4 d6 6. h3 Nf6 7. d5 Na5 8. Bd3 0-0 9. 0-0 e5 10. e4 Bd7 11. Bg5 1/2-1/2

[Event "Belgrade Radnicki IM 12"]
[Site "Belgrade"]
[Date "2023.12.04"]
[Round "1"]
[White "Saypuri, Srithan"]
[Black "Liu, Zexu"]
[Result "1-0"]
[WhiteElo "2145"]
[BlackElo "2312"]
[PlyCount "72"]
[EventDate "2023.12.04"]
[EventType "tourn"]
[EventRounds "9"]
[EventCountry "SRB"]
[SourceTitle "CB51_2023"]
[SourceDate "2023.12.20"]
[SourceVersion "1"]
[SourceVersionDate "2023.12.20"]
[SourceQuality "1"]

1. e4 e5 2. Nf3 Nc6 3. Bb5 a6 4. Ba4 Nf6 5. 0-0 Be7 6. Re1 b5 7. Bb3 d6 8. a4 Bd7 9. c3 Rb8 10. axb5 axb5 11. d4 Qc8 12. Qc2 0-0 13. dxe5 Nxe5 14. Nxe5 dxe5 15. Bg5 Rb6 16. Nd2 h6 17. Bh4 Bc5 18. Nf3 Re8 19. Bg3 Bd6 20. h3 c5 21. c4 Qb7 22. Ra2 b4 23. Nd2 Nh5 24. Nf1 Bb8 25. Ra5 Rf8 26. Qd1 Nf6 27. Ne3 Re8 28. Nd5 Nxd5 29. exd5 f5 30. Ba4 Rg6 31. Bxd7 Qxd7 32. Qa4 Qc8 33. Qb5 Rf8 34. Bxe5 f4 35. Kh2 Bxe5 36. Rxe5 Kh7 1-0

[Event "Belgrade Trophy 36th"]
[Site "Belgrade"]
[Date "2023.12.02"]
[Round "8"]
[White "Blagojevic, Dragisa"]
[Black "Liu, Zexu"]
[Result "1/2-1/2"]
[WhiteElo "2438"]
[BlackElo "2286"]
[PlyCount "68"]
[EventDate "2023.11.25"]
[EventType "swiss"]
[EventRounds "9"]
[EventCountry "SRB"]
[SourceTitle "CB49_2023"]
[SourceDate "2023.12.06"]
[SourceVersion "1"]
[SourceVersionDate "2023.12.06"]
[SourceQuality "1"]

1. d4 Nf6 2. c4 g6 3. Nf3 Bg7 4. g3 0-0 5. Bg2 d5 6. cxd5 Nxd5 7. 0-0 Nb6 8. Nc3 Nc6 9. d5 Na5 10. Qc2 c6 11. dxc6 Nxc6 12. Rd1 Qe8 13. Be3 Bf5 14. Qc1 Rc8 15. Bh6 e5 16. Bxg7 Kxg7 17. b3 Qe7 18. Qb2 Rfd8 19. Rxd8 Rxd8 20. Rd1 Rxd1+ 21. Nxd1 Qd6 22. Qd2 Qc5 23. Ne1 h5 24. Qc3 Qd6 25. Ne3 Bd7 26. Kf1 f6 27. Qd3 Qe7 28. N1c2 Nd8 29. Qc3 Bc6 30. Nb4 Bxg2+ 31. Kxg2 Ne6 32. Ned5 Nxd5 33. Nxd5 Qd7 34. Qf3 f5 1/2-1/2

[Event "Novi Sad TS IM 123rd"]
[Site "Novi Sad"]
[Date "2019.12.01"]
[Round "1"]
[White "Peng, Hongchi"]
[Black "Liu, Zexu"]
[Result "0-1"]
[WhiteElo "2271"]
[BlackElo "2241"]
[PlyCount "86"]
[EventDate "2019.12.01"]
[EventType "tourn"]
[EventRounds "9"]
[EventCountry "SRB"]
[EventCategory "2"]
[SourceTitle "CBM 193 Extra"]
[Source "ChessBase"]
[SourceDate "2020.01.31"]
[SourceVersion "1"]
[SourceVersionDate "2020.01.31"]
[SourceQuality "1"]

1. d4 Nf6 2. c4 g6 3. f3 Nc6 4. e4 e5 5. d5 Nd4 6. Nc3 Bc5 7. Bg5 Qe7 8. a3 a5 9. d6 Qxd6 10. Nb5 Nxb5 11. Qxd6 Bxd6 12. Bxf6 Nd4 13. 0-0-0 0-0 14. h4 h6 15. f4 Nc6 16. Rxd6 cxd6 17. f5 Nd4 18. Nf3 Nb3+ 19. Kb1 Nc5 20. Nd2 Re8 21. Rh3 a4 22. Be2 d5 23. cxd5 d6 24. Bb5 Bd7 25. Be2 Kh7 26. g4 h5 27. Nf3 hxg4 28. Ng5+ Kg8 29. Bxg4 gxf5 30. exf5 Bb5 31. Bh5 Bd3+ 32. Rxd3 Nxd3 33. Bxf7+ Kf8 34. Kc2 Nf4 35. h5 Re7 36. Bg6 Nxd5 37. Bxe7+ Kxe7 38. h6 Ne3+ 39. Kd2 Nxf5 40. Bxf5 Kf6 41. Ne4+ Kxf5 42. Nxd6+ Ke6 43. Nxb7 Kd5 0-1

[Event "Novi Sad TS Mix 121st"]
[Site "Novi Sad"]
[Date "2019.11.28"]
[Round "6"]
[White "Pastar, Slaven"]
[Black "Liu, Zexu"]
[Result "0-1"]
[WhiteElo "2333"]
[BlackElo "2241"]
[PlyCount "104"]
[EventDate "2019.11.25"]
[EventType "swiss"]
[EventRounds "10"]
[EventCountry "SRB"]
[SourceTitle "CBM 193 Extra"]
[Source "ChessBase"]
[SourceDate "2020.01.31"]
[SourceVersion "1"]
[SourceVersionDate "2020.01.31"]
[SourceQuality "1"]

1. Nf3 Nf6 2. c4 g6 3. Nc3 d5 4. cxd5 Nxd5 5. e4 Nxc3 6. bxc3 Bg7 7. Be2 0-0 8. 0-0 c5 9. Qa4 Bd7 10. Qa3 Bc6 11. Qxc5 Bxe4 12. Qe3 Bd5 13. Rb1 Qc7 14. a4 e5 15. Ba3 Re8 16. c4 Bc6 17. Ng5 e4 18. Bb2 Nd7 19. Bxg7 Kxg7 20. f3 exf3 21. Qd4+ Qe5 22. Nxf3 Qxd4+ 23. Nxd4 Nc5 24. a5 Be4 25. Rb5 Rac8 26. Bf3 Bd3 27. Rc1 Bxc4 28. Bxb7 Nd3 29. Rbb1 Nxc1 30. Rxc1 Rc7 31. a6 Ree7 32. Kf2 Bd5 33. Rxc7 Rxc7 34. Nb5 Rd7 35. Bc8 Re7 36. Nd6 Kf8 37. d3 Rc7 38. Bb7 Rd7 39. Bxd5 Rxd6 40. Bc4 Ke7 41. Ke3 Rd7 42. Kf4 f6 43. Bb5 Rc7 44. h4 Kd6 45. Be8 Re7 46. Bb5 Kc5 47. Bc4 Kd4 48. h5 gxh5 49. Kf5 Rg7 50. Kxf6 Rxg2 51. Ke7 h4 52. Be6 Re2 0-1

[Event "Novi Sad TS Mix 121st"]
[Site "Novi Sad"]
[Date "2019.11.26"]
[Round "3"]
[White "Narendran, Gouthaman"]
[Black "Liu, Zexu"]
[Result "1/2-1/2"]
[WhiteElo "2097"]
[BlackElo "2241"]
[PlyCount "49"]
[EventDate "2019.11.25"]
[EventType "swiss"]
[EventRounds "10"]
[EventCountry "SRB"]
[SourceTitle "CBM 193 Extra"]
[Source "ChessBase"]
[SourceDate "2020.01.31"]
[SourceVersion "1"]
[SourceVersionDate "2020.01.31"]
[SourceQuality "1"]

1. e4 e5 2. Nf3 Nc6 3. Bb5 a6 4. Ba4 Nge7 5. 0-0 g6 6. c3 Bg7 7. d4 b5 8. Bc2 exd4 9. cxd4 d5 10. exd5 Nxd5 11. Bg5 Qd6 12. Re1+ Be6 13. Nbd2 Nxd4 14. Nxd4 Bxd4 15. Ne4 Qb6 16. Bb3 0-0 17. Qd2 c5 18. Bxd5 Bxd5 19. Be7 Bxe4 20. Rxe4 Rfe8 21. Rae1 Qc6 22. h4 Rad8 23. h5 Rd5 24. hxg6 hxg6 25. Qh6 1/2-1/2

[Event "Novi Sad TS 120th"]
[Site "Novi Sad"]
[Date "2019.11.21"]
[Round "6"]
[White "Liu, Zhaoqi"]
[Black "Liu, Zexu"]
[Result "1-0"]
[WhiteElo "2351"]
[BlackElo "2266"]
[PlyCount "101"]
[EventDate "2019.11.18"]
[EventType "swiss"]
[EventRounds "9"]
[EventCountry "SRB"]
[SourceTitle "CBM 193 Extra"]
[Source "ChessBase"]
[SourceDate "2020.01.31"]
[SourceVersion "1"]
[SourceVersionDate "2020.01.31"]
[SourceQuality "1"]

1. d4 Nf6 2. c4 c5 3. d5 e6 4. Nc3 exd5 5. cxd5 d6 6. Nf3 g6 7. Bf4 a6 8. a4 Bg7 9. h3 0-0 10. e3 Qe7 11. Be2 Nbd7 12. 0-0 b6 13. Nd2 Rb8 14. Nc4 Ne8 15. Qc2 f5 16. Rfe1 g5 17. Bh2 Ndf6 18. Rad1 Kh8 19. Bd3 Ng8 20. f4 gxf4 21. Bxf4 Bd7 22. e4 fxe4 23. Rxe4 Qf6 24. Bg3 Nh6 25. Rf4 Qg5 26. Ne4 Qh5 27. Rxf8+ Bxf8 28. Nexd6 Nxd6 29. Nxd6 Rd8 30. Be2 Qg6 31. Be5+ Bg7 32. Qxg6 hxg6 33. Bxg7+ Kxg7 34. Nb7 Re8 35. Bxa6 Bxa4 36. Rd2 Ra8 37. Be2 Bb3 38. d6 Nf7 39. d7 Nd8 40. Nxd8 Rxd8 41. Bb5 Kf7 42. Rd6 Be6 43. Rxb6 Bxd7 44. Rb7 Ke6 45. Rxd7 Rxd7 46. Bxd7+ Kxd7 47. Kf2 Kd6 48. Ke3 Kd5 49. Kd3 c4+ 50. Kc3 Kc5 51. h4 1-0

[Event "SCO op"]
[Site "Qingdao"]
[Date "2019.09.24"]
[Round "6"]
[White "Krishna, C Revanth Gopala"]
[Black "Liu, Zexu"]
[Result "1-0"]
[WhiteElo "2446"]
[BlackElo "2257"]
[PlyCount "87"]
[EventDate "2019.09.19"]
[EventType "swiss"]
[EventRounds "9"]
[EventCountry "CHN"]
[SourceTitle "EXT 2020"]
[Source "ChessBase"]
[SourceDate "2019.10.17"]
[SourceVersion "1"]
[SourceVersionDate "2019.10.17"]
[SourceQuality "1"]

1. d4 Nf6 2. c4 g6 3. Nf3 Bg7 4. e3 c5 5. d5 0-0 6. Nc3 d6 7. Be2 e6 8. Nd2 exd5 9. cxd5 Re8 10. 0-0 Na6 11. Nc4 Nc7 12. a4 b6 13. Bf3 Ba6 14. Qb3 Bxc4 15. Qxc4 Nd7 16. Qb3 a6 17. Bd2 Rb8 18. Be2 f5 19. Rfe1 Qf6 20. Qc2 Qf7 21. Reb1 Kh8 22. Ra3 Nf6 23. Bf3 Re7 24. b4 Ncxd5 25. Nxd5 Nxd5 26. bxc5 dxc5 27. Rab3 Rc7 28. Bxd5 Qxd5 29. Rxb6 Rd8 30. Ba5 Rcc8 31. Rb7 Qd3 32. Qc1 Rd5 33. Rb8 Qd1+ 34. Be1 Rxb8 35. Rxb8+ Bf8 36. Qc3+ Kg8 37. h3 Kf7 38. Rb7+ Ke6 39. Kh2 Rd7 40. Rb6+ Bd6+ 41. f4 Qxa4 42. Qe5+ Kf7 43. Rxd6 Rxd6 44. Qxd6 1-0

[Event "SCO op"]
[Site "Qingdao"]
[Date "2019.09.23"]
[Round "5"]
[White "Liu, Zexu"]
[Black "Xu, Yinglun"]
[Result "1/2-1/2"]
[WhiteElo "2257"]
[BlackElo "2565"]
[PlyCount "77"]
[EventDate "2019.09.19"]
[EventType "swiss"]
[EventRounds "9"]
[EventCountry "CHN"]
[SourceTitle "EXT 2020"]
[Source "ChessBase"]
[SourceDate "2019.10.17"]
[SourceVersion "1"]
[SourceVersionDate "2019.10.17"]
[SourceQuality "1"]

1. d4 d5 2. c4 e6 3. Nc3 Be7 4. cxd5 exd5 5. Bf4 c6 6. Qc2 Bd6 7. Bxd6 Qxd6 8. e3 Ne7 9. Bd3 b6 10. Nf3 Ba6 11. Bxa6 Nxa6 12. 0-0 0-0 13. Rfd1 Nc7 14. Rac1 Ne6 15. a3 a5 16. Na4 Rab8 17. Qc3 Rfc8 18. b4 axb4 19. axb4 Qd8 20. Ra1 Nf5 21. Qc2 Nd6 22. Nc3 b5 23. h4 Ra8 24. g3 Nc4 25. e4 Rxa1 26. Rxa1 g6 27. Kg2 Qd6 28. Qb3 Qd7 29. Qd1 Kg7 30. e5 Rc7 31. Ne2 Qe7 32. Qe1 Ra7 33. Rxa7 Qxa7 34. Ng5 Nxg5 35. hxg5 Qe7 36. Qa1 Qxg5 37. Qa6 Qf5 38. Qxc6 Qe4+ 39. Kg1 1/2-1/2

[Event "Belt and Road Hunan op-B"]
[Site "Changsha"]
[Date "2019.08.01"]
[Round "7"]
[White "Lan, Zilun"]
[Black "Liu, Zexu"]
[Result "1-0"]
[WhiteElo "2336"]
[BlackElo "2145"]
[PlyCount "95"]
[EventDate "2019.07.29"]
[EventType "swiss"]
[EventRounds "9"]
[EventCountry "CHN"]
[SourceTitle "EXT 2020"]
[Source "ChessBase"]
[SourceDate "2019.10.17"]
[SourceVersion "1"]
[SourceVersionDate "2019.10.17"]
[SourceQuality "1"]

1. d4 Nf6 2. c4 g6 3. Nc3 d5 4. cxd5 Nxd5 5. e4 Nxc3 6. bxc3 Bg7 7. Nf3 c5 8. Be3 0-0 9. Rc1 Qa5 10. Qd2 Rd8 11. d5 e6 12. Bg5 f6 13. Be3 b6 14. Bd3 Nc6 15. 0-0 Ba6 16. Bxa6 Qxa6 17. Rfd1 Qc4 18. Nd4 Nxd4 19. cxd4 Qa4 20. dxc5 Qxe4 21. d6 bxc5 22. d7 c4 23. Qb4 Bf8 24. Qa4 Kf7 25. Rxc4 Qb7 26. h4 h5 27. Qc2 Be7 28. Rc7 Qb5 29. a4 Qb4 30. g3 a5 31. Rb1 Qd6 32. Rbb7 Qd5 33. Ba7 f5 34. Qc1 Bd6 35. Rb5 Qd3 36. Rcb7 Qe4 37. Be3 Be7 38. Qd1 Ra6 39. Bb6 Qxb7 40. Bxd8 Qa8 41. Bxe7 Kxe7 42. Rb7 Qd8 43. Qd2 Ra8 44. Qc3 Kf7 45. Rc7 Rb8 46. Rc8 Qb6 47. Qh8 Qb1+ 48. Kh2 1-0

[Event "Longtou Cup 2nd"]
[Site "Qinhuangdao"]
[Date "2019.04.24"]
[Round "8"]
[White "Nie, Xinyang"]
[Black "Liu, Zexu"]
[Result "0-1"]
[WhiteElo "2346"]
[BlackElo "2098"]
[PlyCount "84"]
[EventDate "2019.04.16"]
[EventType "swiss"]
[EventRounds "9"]
[EventCountry "CHN"]
[SourceTitle "CBM 190 Extra"]
[Source "ChessBase"]
[SourceDate "2019.07.15"]
[SourceVersion "1"]
[SourceVersionDate "2019.07.15"]
[SourceQuality "1"]

1. e4 e5 2. Nf3 Nc6 3. Bb5 a6 4. Ba4 Nf6 5. d3 b5 6. Bb3 Be7 7. 0-0 0-0 8. Nc3 d6 9. h3 Na5 10. Ne2 c5 11. c3 Nxb3 12. axb3 Re8 13. Ng3 Bf8 14. c4 Bd7 15. Nh4 g6 16. f4 Nh5 17. Nxg6 hxg6 18. Nxh5 Qh4 19. fxe5 Qxh5 20. Qxh5 gxh5 21. exd6 Bxd6 22. Bf4 Re6 23. Rf3 Bxf4 24. Rxf4 Rg6 25. Kh2 Rb8 26. Rf2 Rd6 27. Raf1 Be6 28. Rf3 bxc4 29. bxc4 Rxb2 30. Rg3+ Kf8 31. Rg5 Rxd3 32. Rxh5 Bxc4 33. Rc1 Rd4 34. Rxc5 Be6 35. Ra1 Ra2 36. Re1 a5 37. Re3 a4 38. h4 Rb2 39. h5 Rb3 40. Re2 Kg7 41. g4 a3 42. Kg2 Rb2 0-1

[Event "Longtou Cup 2nd"]
[Site "Qinhuangdao"]
[Date "2019.04.22"]
[Round "6"]
[White "Liu, Zexu"]
[Black "Zhao, Chenxi"]
[Result "1/2-1/2"]
[WhiteElo "2098"]
[BlackElo "2367"]
[PlyCount "137"]
[EventDate "2019.04.16"]
[EventType "swiss"]
[EventRounds "9"]
[EventCountry "CHN"]
[SourceTitle "CBM 190 Extra"]
[Source "ChessBase"]
[SourceDate "2019.07.15"]
[SourceVersion "1"]
[SourceVersionDate "2019.07.15"]
[SourceQuality "1"]

1. d4 Nf6 2. c4 g6 3. Nc3 Bg7 4. e4 d6 5. h3 0-0 6. Be3 c6 7. Nf3 a6 8. c5 b5 9. cxb6 Qxb6 10. Qd2 a5 11. Bd3 Ba6 12. 0-0 Bxd3 13. Qxd3 Na6 14. Rab1 Qb7 15. Rfe1 Nd7 16. Qd2 Rfd8 17. Bg5 Nb6 18. b3 c5 19. d5 Qd7 20. Bh6 Bh8 21. Rbd1 Nc7 22. a4 Rab8 23. Qd3 Qc8 24. Qe3 Nd7 25. Nb1 Rb4 26. Nbd2 Nb6 27. Rc1 Qb7 28. h4 e6 29. Qg5 Qc8 30. e5 dxe5 31. Rxc5 f6 32. Qe3 Nbxd5 33. Qe2 Qb7 34. Rec1 Rd7 35. Nc4 Rxb3 36. Nxa5 Rb2 37. Qe1 Qb4 38. R5c4 Qxe1+ 39. Nxe1 Bg7 40. Bxg7 Kxg7 41. Nd3 Ra2 42. Nc5 Rf7 43. Rb1 Nf4 44. Nc6 Ncd5 45. a5 Kh6 46. a6 Rc7 47. Nb8 Ra5 48. Nb7 Ra2 49. Rxc7 Nxc7 50. Rb6 Ncd5 51. Rb5 Nc7 52. Ra5 Rb2 53. Nd7 Nxa6 54. Nd6 Nc7 55. Nxf6 Ncd5 56. Ng4+ Kh5 57. Nxe5 Kxh4 58. Ra3 Kg5 59. Rf3 Kf6 60. Nd3 Rb1+ 61. Kh2 Ke7 62. Nc8+ Kd7 63. Nxf4 Nxf4 64. Rxf4 Kxc8 65. Rf8+ Kd7 66. Rf7+ Kd6 67. Rxh7 Ke5 68. Rf7 g5 69. Kh3 1/2-1/2

[Event "Asian Amateur-ch"]
[Site "Zhengzhou"]
[Date "2019.01.05"]
[Round "9"]
[White "Mahmoody, M Sadegh"]
[Black "Liu, Zexu"]
[Result "0-1"]
[WhiteElo "1934"]
[BlackElo "2019"]
[PlyCount "122"]
[EventDate "2018.12.31"]
[EventType "swiss"]
[EventRounds "9"]
[EventCountry "CHN"]
[SourceTitle "CBM 188 Extra"]
[Source "ChessBase"]
[SourceDate "2019.02.26"]
[SourceVersion "1"]
[SourceVersionDate "2019.02.26"]
[SourceQuality "1"]

1. d4 Nf6 2. Nf3 d5 3. c4 c6 4. cxd5 cxd5 5. Nc3 Nc6 6. Bf4 g6 7. e3 Bg7 8. h3 0-0 9. Bd3 a6 10. 0-0 Bf5 11. Bxf5 gxf5 12. Ne5 Rc8 13. Rc1 e6 14. Bg5 Qd6 15. Nd3 Nd7 16. a3 Na5 17. Qa4 Nc4 18. Rfd1 Rc6 19. Qb4 Qxb4 20. axb4 Rfc8 21. Na4 b6 22. Bf4 f6 23. Rc3 e5 24. Bh2 f4 25. Rdc1 fxe3 26. fxe3 Bh6 27. Bf4 exf4 28. exf4 b5 29. Nac5 Nxc5 30. bxc5 a5 31. Ra1 b4 32. Rc2 Re6 33. b3 Na3 34. Rd2 Re4 35. Nf2 Rxf4 36. Re1 Nb5 37. Red1 Rxf2 38. Kxf2 Bxd2 39. Rxd2 Nc3 40. Ke3 Kf7 41. Kd3 Ke6 42. Rf2 h5 43. g4 hxg4 44. hxg4 Rh8 45. Rf1 Rh3+ 46. Kc2 Nb5 47. Rf4 Rc3+ 48. Kb2 Rd3 49. c6 Rd2+ 50. Kc1 Rxd4 51. c7 Kd7 52. Rxf6 Nxc7 53. g5 Rg4 54. g6 Ne6 55. Rf7+ Kd6 56. Ra7 Rxg6 57. Rxa5 Rg3 58. Ra6+ Ke5 59. Rb6 Rxb3 60. Kc2 Rc3+ 61. Kb2 Rc4 0-1